000 004800000a22001930004500
001 000219
003 MACL
005 20150822125328.0
008 150822b xxu||||| |||| 00| 0 eng d
040 _aMACL
_cMACL
041 _aEnglish
082 _a636.89/CHA
100 _aChaturvedi, M.D
_96777
245 _aPanther On The Prowl
_cM.D Chaturvedi
260 _aNew Delhi
_c1996
_bNational Book Trust,
350 _a35
650 _aAnimal Husbandary
_96778
942 _k637
_cBK
_2ddc
999 _c221
_d221